Salvemos nuestro planeta: tu eres parte de la solución (Registro nro. 2525)

Detalles MARC
000 -Cabecera
Campo de control de longitud fija 00639aam a2200277 4500
005 - Fecha y hora de la última transacción
Campo de control 20251211150356.0
008 - Elementos de longitud fija--Información general
Campo de control de longitud fija 150603b1999 xxu||||| |||| 00| 0 spa d
041 ## - Idioma
Código de idioma Español
082 ## - Clasificación Decimal Dewey
Número de clasificación 363.7 S181s
245 ## - Título propiamente dicho
Título Salvemos nuestro planeta: tu eres parte de la solución
260 ## - Pie de imprenta
Lugar de publicación, distribución, etc. Costa Rica
260 ## - Pie de imprenta
Nombre del editor, distribuidor, etc. INTEL
260 ## - Pie de imprenta
Fecha de publicación, distribución, etc. 1999
300 ## - Descripción física
Extensión 50 páginas
490 ## - Serie
Título de la Serie Turismo
650 ## - Materia general
Temática (materia general) CONTAMINACIÓN AMBIENTAL
650 ## - Materia general
Temática (materia general) DESECHOS
650 ## - Materia general
Temática (materia general) RECICLAJE
650 ## - Materia general
Temática (materia general) AGUA
650 ## - Materia general
Temática (materia general) AIRE
650 ## - Materia general
Temática (materia general) BIODIVERSIDAD
650 ## - Materia general
Temática (materia general) SALUD
650 ## - Materia general
Temática (materia general) SEGURIDAD
650 ## - Materia general
Temática (materia general) QUIMICOS
942 ## - Punto de acceso adicional KOHA
Tipo de ítem KOHA Libro
Fuente del sistema de clasificación o colocación Dewey Decimal Classification
Existencias
Signatura completa Código de barras Programa Académico Tipo de ítem
363.7 S181s 15573 Turismo Libro